<?xml version="1.0" encoding="UTF-8"?>
<record
    xmlns:xsi="http://www.w3.org/2001/XMLSchema-instance"
    xsi:schemaLocation="http://www.loc.gov/MARC21/slim http://www.loc.gov/standards/marcxml/schema/MARC21slim.xsd"
    xmlns="http://www.loc.gov/MARC21/slim">

  <leader>02849nam a22001817a 4500</leader>
  <controlfield tag="008">121120t        xxu||||| |||| 00| 0 eng d</controlfield>
  <datafield tag="020" ind1=" " ind2=" ">
    <subfield code="a">9780199231669</subfield>
  </datafield>
  <datafield tag="050" ind1=" " ind2=" ">
    <subfield code="a">KD7499.K43</subfield>
  </datafield>
  <datafield tag="100" ind1=" " ind2=" ">
    <subfield code="a">Keane, Adrian.</subfield>
  </datafield>
  <datafield tag="245" ind1=" " ind2=" ">
    <subfield code="a">The modern law of evidence. /</subfield>
    <subfield code="c">Adrian Keane</subfield>
  </datafield>
  <datafield tag="250" ind1=" " ind2=" ">
    <subfield code="a">7th ed.</subfield>
  </datafield>
  <datafield tag="260" ind1=" " ind2=" ">
    <subfield code="a">New York:</subfield>
    <subfield code="b">Oxford University Press,</subfield>
    <subfield code="c">2008.</subfield>
  </datafield>
  <datafield tag="300" ind1=" " ind2=" ">
    <subfield code="a">lxv, 692 p.:</subfield>
    <subfield code="b">ill.;</subfield>
    <subfield code="c">26cm.</subfield>
  </datafield>
  <datafield tag="500" ind1=" " ind2=" ">
    <subfield code="a">Includes index.</subfield>
  </datafield>
  <datafield tag="505" ind1=" " ind2=" ">
    <subfield code="a">Contents: Introduction -- Preliminaries: Facts open to proof or disprooof -- The Varieties of evidence -- Relevance and admissibility -- Weight -- The Functions of the judge and jury -- Judicial discretion -- Proof of birth, death, age, convictions and acquittals -- Evidence obtained and standard of proof: The Burden of proof -- The Burden and standard of proof in trial within a trial -- Witnesses: Competence and compellability -- Oaths and affirmations -- Live links -- The Time at which evidence should be adduced -- Witnesses in civil cases -- Witnesses in criminal cases -- Examination-in-chief: Leading questions -- Refreshing the memory -- Previous consistent or self - serving statements -- Unfavourable and hostile witnesses -- Cross-examination: Cross-examination -- Re-examination -- Corroboration and care warnings: Corroboration required by statute -- Care warnings -- Confessions by the mentally handicapped -- Identification cases -- Lip-reading evidence -- Sudden infant death syndrome -- Documentary and real evidence: Documentary evidence -- Real evidence -- Hearsay in criminal cases: Background and rationale -- Admissibility of hearsay under the criminal justice Act 2003 -- Expert reports -- Written statement under section 9 of the criminal justice Act 1995 -- Safeguards -- Proof of statements contained in documents -- Evidence formerly admissible at common law -- Ogden tables -- Hearsay admissible at common law: Statements in public documents -- Works of reference -- Evidence of reputation -- Statements forming part of the res gestae -- Confessions: Admissibility -- The Discretion to exclude -- The Voir dire -- The Trial -- Statements made in presence of the accused -- Facts discovered in consequence of inadmissible confessions -- Statutory inferences from an accused's silence or conduct: Inferences from silence -- Inferences from refusal to consent to the taking of samples -- Inferences from failure to provide advance disclosure of the defence case -- Evidence of character: Evidence of character in civil cases -- Evidence of character: Evidence of the good character of the accused -- Evidence of character: Evidence of bad character in criminal cases -- Opinion evidence -- Public policy -- Privilege -- Judgements as evidence of the facts upon which they were based -- Proof of facts without evidence.</subfield>
  </datafield>
  <datafield tag="650" ind1=" " ind2=" ">
    <subfield code="a">Evidence (Law)</subfield>
    <subfield code="x"> Great Britain.</subfield>
  </datafield>
  <datafield tag="942" ind1=" " ind2=" ">
    <subfield code="2">lcc</subfield>
    <subfield code="c">BK</subfield>
  </datafield>
  <datafield tag="999" ind1=" " ind2=" ">
    <subfield code="c">2551</subfield>
    <subfield code="d">10051</subfield>
  </datafield>
  <datafield tag="952" ind1=" " ind2=" ">
    <subfield code="0">0</subfield>
    <subfield code="1">0</subfield>
    <subfield code="2">lcc</subfield>
    <subfield code="4">0</subfield>
    <subfield code="7">0</subfield>
    <subfield code="a">WIUC-1</subfield>
    <subfield code="b">WIUC-1</subfield>
    <subfield code="c">REF</subfield>
    <subfield code="d">2012-11-20</subfield>
    <subfield code="l">0</subfield>
    <subfield code="o">KD7499.K43</subfield>
    <subfield code="p">6804/12</subfield>
    <subfield code="r">2012-11-20 00:00:00</subfield>
    <subfield code="t">1</subfield>
    <subfield code="w">2012-11-20</subfield>
    <subfield code="y">BK</subfield>
  </datafield>
  <datafield tag="952" ind1=" " ind2=" ">
    <subfield code="0">0</subfield>
    <subfield code="1">0</subfield>
    <subfield code="2">lcc</subfield>
    <subfield code="4">0</subfield>
    <subfield code="7">0</subfield>
    <subfield code="a">WIUC-1</subfield>
    <subfield code="b">WIUC-1</subfield>
    <subfield code="c">REF</subfield>
    <subfield code="d">2012-11-20</subfield>
    <subfield code="l">0</subfield>
    <subfield code="o">KD7499.K431</subfield>
    <subfield code="p">6805/12</subfield>
    <subfield code="r">2012-11-20 00:00:00</subfield>
    <subfield code="t">2</subfield>
    <subfield code="w">2012-11-20</subfield>
    <subfield code="y">BK</subfield>
  </datafield>
  <datafield tag="952" ind1=" " ind2=" ">
    <subfield code="0">0</subfield>
    <subfield code="1">0</subfield>
    <subfield code="2">lcc</subfield>
    <subfield code="4">0</subfield>
    <subfield code="7">0</subfield>
    <subfield code="a">WIUC-1</subfield>
    <subfield code="b">WIUC-1</subfield>
    <subfield code="c">LL</subfield>
    <subfield code="d">2014-03-26</subfield>
    <subfield code="l">0</subfield>
    <subfield code="o">KD7499.K43</subfield>
    <subfield code="p">888/13</subfield>
    <subfield code="r">2014-03-26 00:00:00</subfield>
    <subfield code="t">1</subfield>
    <subfield code="w">2014-03-26</subfield>
    <subfield code="y">BK</subfield>
  </datafield>
  <datafield tag="952" ind1=" " ind2=" ">
    <subfield code="0">0</subfield>
    <subfield code="1">0</subfield>
    <subfield code="2">lcc</subfield>
    <subfield code="4">0</subfield>
    <subfield code="7">0</subfield>
    <subfield code="a">WIUC-1</subfield>
    <subfield code="b">WIUC-1</subfield>
    <subfield code="c">LL</subfield>
    <subfield code="d">2014-03-26</subfield>
    <subfield code="l">0</subfield>
    <subfield code="o">KD7499.K431</subfield>
    <subfield code="p">889/13</subfield>
    <subfield code="r">2014-03-26 00:00:00</subfield>
    <subfield code="t">2</subfield>
    <subfield code="w">2014-03-26</subfield>
    <subfield code="y">BK</subfield>
  </datafield>
  <datafield tag="952" ind1=" " ind2=" ">
    <subfield code="0">0</subfield>
    <subfield code="1">0</subfield>
    <subfield code="2">lcc</subfield>
    <subfield code="4">0</subfield>
    <subfield code="7">0</subfield>
    <subfield code="a">WIUC-KL</subfield>
    <subfield code="b">WIUC-KL</subfield>
    <subfield code="c">LL</subfield>
    <subfield code="d">2023-06-02</subfield>
    <subfield code="o">KD7499.K43</subfield>
    <subfield code="p">KSL/2089/292/23</subfield>
    <subfield code="r">2023-06-16 00:00:00</subfield>
    <subfield code="t">1</subfield>
    <subfield code="w">2014-03-26</subfield>
    <subfield code="y">BK</subfield>
  </datafield>
  <datafield tag="952" ind1=" " ind2=" ">
    <subfield code="0">0</subfield>
    <subfield code="1">0</subfield>
    <subfield code="2">lcc</subfield>
    <subfield code="4">0</subfield>
    <subfield code="7">0</subfield>
    <subfield code="a">WIUC-KL</subfield>
    <subfield code="b">WIUC-KL</subfield>
    <subfield code="c">LL</subfield>
    <subfield code="d">2023-06-02</subfield>
    <subfield code="l">0</subfield>
    <subfield code="o">KD7499.K431</subfield>
    <subfield code="p">KSL/2090/293/23</subfield>
    <subfield code="r">2023-06-16 00:00:00</subfield>
    <subfield code="t">2</subfield>
    <subfield code="w">2023-06-02</subfield>
    <subfield code="y">BK</subfield>
  </datafield>
  <datafield tag="952" ind1=" " ind2=" ">
    <subfield code="0">0</subfield>
    <subfield code="1">0</subfield>
    <subfield code="2">lcc</subfield>
    <subfield code="4">0</subfield>
    <subfield code="7">0</subfield>
    <subfield code="a">WIUC-KL</subfield>
    <subfield code="b">WIUC-KL</subfield>
    <subfield code="c">LL</subfield>
    <subfield code="d">2023-06-02</subfield>
    <subfield code="o">KD7499.K432</subfield>
    <subfield code="p">KSL/2091/294/23</subfield>
    <subfield code="r">2023-06-16 00:00:00</subfield>
    <subfield code="t">3</subfield>
    <subfield code="w">2023-06-02</subfield>
    <subfield code="y">BK</subfield>
  </datafield>
</record>
